[Event "Guzinsky Memorial 6th"]
[Site "Lazy"]
[Date "2013.03.28"]
[Round "6"]
[White "Zolnierowicz, Krzysztof"]
[Black "Kaczorowski, Piotr"]
[Result "1/2-1/2"]
[WhiteElo "2167"]
[BlackElo "2053"]
[PlyCount "75"]
[EventDate "2013.03.28"]
[EventType "swiss"]
[EventRounds "9"]
[EventCountry "POL"]
[SourceTitle "EXT 2014"]
[Source "ChessBase"]
[SourceDate "2013.11.20"]
[SourceVersion "1"]
[SourceVersionDate "2013.11.20"]
[SourceQuality "1"]

1. e4 d6 2. d4 Nf6 3. Nc3 g6 4. Nf3 Bg7 5. Bf4 Nh5 6. Be3 Nc6 7. Be2 Bg4 8. Qd2 Bxf3 9. Bxf3 e5 10. dxe5 dxe5 11. Qxd8+ Rxd8 12. Bxh5 gxh5 13. Nd5 Rd7 14. 0-0-0 f6 15. h4 Rf8 16. c3 a6 17. f3 f5 18. exf5 Rxf5 19. Rhe1 Ne7 20. Nxe7 Rxd1+ 21. Kxd1 Kxe7 22. Kc2 Bf6 23. Rh1 Ke6 24. Kd3 b5 25. Ke4 Be7 26. g4 Rf8 27. gxh5 Rg8 28. Bg5 Bxg5 29. Rg1 h6 30. hxg5 hxg5 31. h6 Kf6 32. h7 Rh8 33. Rh1 Kg6 34. Kxe5 Rxh7 35. Rxh7 Kxh7 36. Kf5 Kh6 37. f4 gxf4 38. Kxf4 1/2-1/2

[Event "Warsaw YMCA Winter 116th"]
[Site "Warsaw"]
[Date "2013.02.01"]
[Round "2"]
[White "Kaczorowski, Piotr"]
[Black "Sanz Losada, Victoriano"]
[Result "1/2-1/2"]
[WhiteElo "2088"]
[BlackElo "2093"]
[PlyCount "86"]
[EventDate "2013.01.10"]
[EventType "tourn"]
[EventRounds "11"]
[EventCountry "POL"]
[SourceTitle "EXT 2014"]
[Source "ChessBase"]
[SourceDate "2013.11.20"]
[SourceVersion "1"]
[SourceVersionDate "2013.11.20"]
[SourceQuality "1"]

1. Nf3 d5 2. d4 Nf6 3. c4 dxc4 4. e3 e6 5. Bxc4 c5 6. 0-0 a6 7. dxc5 Qxd1 8. Rxd1 Bxc5 9. a3 Nbd7 10. b4 Ba7 11. Bb2 b5 12. Bd3 Bb7 13. Nbd2 Ke7 14. Rac1 Rhc8 15. Kf1 Rxc1 16. Rxc1 Rc8 17. Rxc8 Bxc8 18. Ne4 Bb7 19. Nxf6 Nxf6 20. Ke2 g6 21. g3 Ne4 22. Bxe4 Bxe4 23. Ng5 Bb1 24. Nxh7 Bb8 25. f4 Ba7 26. Nf6 Bb6 27. h4 a5 28. g4 axb4 29. axb4 Bd8 30. h5 gxh5 31. gxh5 Kf8 32. Nd7+ Kg8 33. Bf6 Bc7 34. Be7 Kh7 35. Bf8 Bd8 36. Ne5 Bf6 37. Nd3 Kg8 38. Bd6 Kh7 39. Nf2 Bc3 40. Bf8 Kg8 41. Bc5 Kh7 42. Bf8 Kg8 43. Bc5 Kh7 1/2-1/2

[Event "Gora Sw Anny op-A 6th"]
[Site "Gora Sw Anny"]
[Date "2013.01.31"]
[Round "7"]
[White "Kaczorowski, Piotr"]
[Black "Flak, Pawel"]
[Result "0-1"]
[WhiteElo "2088"]
[BlackElo "2240"]
[PlyCount "126"]
[EventDate "2013.01.26"]
[EventType "swiss"]
[EventRounds "10"]
[EventCountry "POL"]
[SourceTitle "CBM 152 Extra"]
[Source "ChessBase"]
[SourceDate "2013.02.25"]
[SourceVersion "1"]
[SourceVersionDate "2013.02.25"]
[SourceQuality "1"]

1. Nf3 d5 2. d4 c6 3. e3 Bg4 4. Be2 Nd7 5. 0-0 Qc7 6. Nbd2 e6 7. c4 Ngf6 8. Qc2 Bf5 9. Bd3 Bxd3 10. Qxd3 Be7 11. e4 dxe4 12. Nxe4 Nxe4 13. Qxe4 Nf6 14. Qc2 h6 15. h3 0-0-0 16. Rd1 Nd7 17. Be3 g5 18. c5 Nf6 19. Ne5 Rdf8 20. b4 Nd5 21. Qb3 Rhg8 22. b5 f6 23. Nc4 cxb5 24. Nd6+ Bxd6 25. cxd6 Qxd6 26. Qxb5 Rf7 27. Rdc1+ Kb8 28. Rab1 Rc7 29. Rxc7 Qxc7 30. Rc1 Qd6 31. Bd2 Nb6 32. Qe2 Qd5 33. Bb4 Rc8 34. Rxc8+ Nxc8 35. Bf8 Nd6 36. Bxh6 Nf5 37. Bf8 Nxd4 38. Qd3 f5 39. Qg3+ f4 40. Qg4 f3 41. Kh2 fxg2 42. Qxg2 Kc7 43. Qxd5 exd5 44. Kg3 Ne6 45. Be7 Kc6 46. Kg4 d4 47. Kf5 Kd5 48. Bb4 d3 49. Bd2 b5 50. f3 a6 51. Kg4 Kc4 52. Kf5 Nd4+ 53. Ke4 Ne2 54. Bxg5 Nc3+ 55. Kf5 Nxa2 56. h4 b4 57. h5 b3 58. h6 b2 59. h7 b1Q 60. h8Q d2+ 61. Kf4 d1Q 62. Qc8+ Kd3 63. Qxa6+ Kc2 0-1

[Event "NATO-ch 23nd"]
[Site "Brest"]
[Date "2012.10.04"]
[Round "5"]
[White "Kaczorowski, Piotr"]
[Black "Rosenkilde, Alexander"]
[Result "0-1"]
[WhiteElo "2054"]
[BlackElo "2260"]
[PlyCount "100"]
[EventDate "2012.10.01"]
[EventType "swiss"]
[EventRounds "7"]
[EventCountry "FRA"]
[SourceTitle "CBM 150 Extra"]
[Source "ChessBase"]
[SourceDate "2012.10.19"]
[SourceVersion "1"]
[SourceVersionDate "2012.10.19"]
[SourceQuality "1"]

1. d4 Nf6 2. c4 e6 3. a3 b6 4. Nc3 Bb7 5. d5 Be7 6. g3 0-0 7. Bg2 d6 8. e4 e5 9. Nge2 c6 10. 0-0 Nbd7 11. h3 Rc8 12. Be3 cxd5 13. cxd5 Ba6 14. Qa4 Bxe2 15. Nxe2 Qc7 16. Rfc1 Qb7 17. b4 a6 18. Rc6 a5 19. b5 Ne8 20. Rac1 Nc5 21. Qd1 Rd8 22. f4 f5 23. Bxc5 bxc5 24. Qd3 fxe4 25. Bxe4 Nf6 26. a4 Qd7 27. Kg2 g6 28. Rf1 Kg7 29. Rd1 Ne8 30. fxe5 dxe5 31. Bxg6 Nd6 32. Be4 Rf7 33. Nc3 Rdf8 34. Rd2 Bg5 35. Re2 h5 36. b6 h4 37. Rc7 Qd8 38. Rxf7+ Rxf7 39. Rb2 Qf6 40. Bf3 c4 41. Qe2 Bc1 42. Rb1 Qg5 43. Bg4 hxg3 44. Ne4 Nxe4 45. b7 Rf2+ 46. Qxf2 gxf2 47. b8Q f1Q+ 48. Kxf1 Qf4+ 49. Kg2 Qf2+ 50. Kh1 Ng3# 0-1

[Event "NATO-ch 23nd"]
[Site "Brest"]
[Date "2012.10.02"]
[Round "3"]
[White "Kaczorowski, Piotr"]
[Black "Helbig, Mark"]
[Result "1-0"]
[WhiteElo "2054"]
[BlackElo "2308"]
[PlyCount "91"]
[EventDate "2012.10.01"]
[EventType "swiss"]
[EventRounds "7"]
[EventCountry "FRA"]
[SourceTitle "CBM 150 Extra"]
[Source "ChessBase"]
[SourceDate "2012.10.19"]
[SourceVersion "1"]
[SourceVersionDate "2012.10.19"]
[SourceQuality "1"]

1. a3 h6 2. d4 Nf6 3. c4 e6 4. Nc3 d5 5. Nf3 c6 6. e3 Nbd7 7. Bd3 Bd6 8. 0-0 0-0 9. e4 dxc4 10. Bxc4 e5 11. h3 b5 12. Bb3 a6 13. Be3 Bb7 14. dxe5 Nxe5 15. Nd4 Re8 16. f4 Ned7 17. e5 Bf8 18. exf6 Rxe3 19. Nf5 Rxc3 20. bxc3 Qb6+ 21. Kh1 Nxf6 22. a4 Rd8 23. Qe1 Qc5 24. Qe5 Nd5 25. Rad1 Rc8 26. Rf3 g6 27. Rg3 Rc7 28. Bxd5 cxd5 29. axb5 axb5 30. Nd4 Bd6 31. Qe8+ Kh7 32. Ne6 Qc6 33. Nxc7 Qxc7 34. Qxb5 Bc6 35. Qf1 Qe7 36. Rf3 Qf6 37. Qf2 Qe7 38. Re1 Qb7 39. Qd4 Bf8 40. Rf2 Bg7 41. Qb4 Qd7 42. f5 Qa7 43. fxg6+ fxg6 44. Rfe2 d4 45. Re7 Qa2 46. Rxg7+ 1-0

[Event "Polanica Zdroj op-B 48th"]
[Site "Polanica Zdroj"]
[Date "2012.08.21"]
[Round "4"]
[White "Puroila, Sippo"]
[Black "Kaczorowski, Piotr"]
[Result "0-1"]
[WhiteElo "1868"]
[BlackElo "2116"]
[PlyCount "65"]
[EventDate "2012.08.18"]
[EventType "swiss"]
[EventRounds "9"]
[EventCountry "POL"]
[SourceTitle "EXT 2014"]
[Source "ChessBase"]
[SourceDate "2013.11.20"]
[SourceVersion "1"]
[SourceVersionDate "2013.11.20"]
[SourceQuality "1"]

1. d4 Nf6 2. c4 g6 3. Nc3 d5 4. cxd5 Nxd5 5. e4 Nxc3 6. bxc3 Bg7 7. Be3 0-0 8. Qd2 c5 9. Rd1 Qa5 10. Nf3 Nc6 11. Be2 Rd8 12. 0-0 Bg4 13. Qb2 Rab8 14. h3 Bxf3 15. Bxf3 cxd4 16. cxd4 Qa4 17. e5 e6 18. Be2 Nb4 19. Rd2 Nd5 20. Rd3 Qd7 21. Rb3 a6 22. Bxa6 b6 23. Bb5 Qb7 24. Rb1 Nxe3 25. fxe3 Qe4 26. Be2 Bh6 27. Kf2 Rbc8 28. Rc1 Qh4+ 29. Kf1 Rxc1+ 30. Qxc1 Rxd4 31. Qc8+ Rd8 32. Qc4 Qg3 33. e4 0-1

[Event "Warsaw Najdorf Memorial op-A 10th"]
[Site "Warsaw"]
[Date "2012.08.13"]
[Round "8"]
[White "Sujkowski, Pawel"]
[Black "Kaczorowski, Piotr"]
[Result "1-0"]
[WhiteElo "1970"]
[BlackElo "2116"]
[PlyCount "71"]
[EventDate "2012.08.06"]
[EventType "swiss"]
[EventRounds "9"]
[EventCountry "POL"]
[SourceTitle "CBM 149 Extra"]
[Source "ChessBase"]
[SourceDate "2012.08.24"]
[SourceVersion "1"]
[SourceVersionDate "2012.08.24"]
[SourceQuality "1"]

1. e4 c5 2. Nf3 d6 3. d4 cxd4 4. Nxd4 Nf6 5. Nc3 a6 6. Be3 e6 7. f3 Qc7 8. Qd2 Nc6 9. g4 Be7 10. 0-0-0 Nd7 11. Kb1 Nce5 12. Rg1 b5 13. f4 Nc4 14. Bxc4 Qxc4 15. f5 b4 16. Nce2 e5 17. b3 Qc7 18. Nf3 a5 19. g5 Bb7 20. Ng3 Nc5 21. Bxc5 dxc5 22. f6 gxf6 23. gxf6 Bxf6 24. Nh5 Ra6 25. Nxf6+ Rxf6 26. Nxe5 Re6 27. Nc4 Bxe4 28. Nd6+ Kf8 29. Nxe4 Rxe4 30. Qh6+ Ke8 31. Qf6 Rf8 32. Rge1 Re6 33. Rxe6+ fxe6 34. Qxe6+ Qe7 35. Qc6+ Kf7 36. Rd7 1-0

[Event "Warsaw Najdorf Memorial op-A 10th"]
[Site "Warsaw"]
[Date "2012.08.12"]
[Round "7"]
[White "Kaczorowski, Piotr"]
[Black "Jarmula, Pawel"]
[Result "0-1"]
[WhiteElo "2116"]
[BlackElo "2180"]
[PlyCount "68"]
[EventDate "2012.08.06"]
[EventType "swiss"]
[EventRounds "9"]
[EventCountry "POL"]
[SourceTitle "CBM 149 Extra"]
[Source "ChessBase"]
[SourceDate "2012.08.24"]
[SourceVersion "1"]
[SourceVersionDate "2012.08.24"]
[SourceQuality "1"]

1. a3 g6 2. Nf3 Bg7 3. d4 Nf6 4. e3 0-0 5. Be2 d6 6. 0-0 Nbd7 7. c4 e5 8. dxe5 dxe5 9. Nc3 c6 10. Qc2 Qc7 11. Rd1 a5 12. b3 Nc5 13. Bb2 Bf5 14. e4 Nfxe4 15. Nxe4 Bxe4 16. Qc3 Bxf3 17. Bxf3 f5 18. Be2 Rad8 19. h4 Ne6 20. Rxd8 Rxd8 21. Rd1 Rxd1+ 22. Bxd1 e4 23. Qd2 Bxb2 24. Qxb2 Qd6 25. Be2 Nd4 26. Bf1 c5 27. Qc3 b6 28. Qe3 Kg7 29. h5 Qe5 30. f4 Qd6 31. hxg6 hxg6 32. g4 Nf3+ 33. Kg2 Qf6 34. gxf5 Qh4 0-1

[Event "Warsaw YMCA Autumn-A 96th"]
[Site "Warsaw"]
[Date "2011.11.24"]
[Round "9"]
[White "Grochulski, Grzegorz"]
[Black "Kaczorowski, Piotr"]
[Result "1-0"]
[WhiteElo "2061"]
[BlackElo "2093"]
[PlyCount "57"]
[EventDate "2011.09.29"]
[EventType "tourn"]
[EventRounds "11"]
[EventCountry "POL"]
[SourceTitle "EXT 2014"]
[Source "ChessBase"]
[SourceDate "2013.11.20"]
[SourceVersion "1"]
[SourceVersionDate "2013.11.20"]
[SourceQuality "1"]

1. e4 e6 2. d4 d5 3. Nc3 dxe4 4. Nxe4 Nd7 5. Nf3 Ngf6 6. Bd3 c5 7. Nxf6+ Nxf6 8. 0-0 cxd4 9. Nxd4 Be7 10. Bf4 0-0 11. Nb5 Nd5 12. Be5 a6 13. Qh5 g6 14. Qh6 Bf6 15. Bxf6 Qxf6 16. Nd6 Rb8 17. c3 Bd7 18. Rad1 Bc6 19. Ne4 Qg7 20. Qh4 f6 21. Rfe1 g5 22. Qg3 Nf4 23. Bc4 Bxe4 24. Rxe4 Rbd8 25. Rde1 Rfe8 26. Qe3 Rd6 27. g3 Ng6 28. Bxe6+ Kh8 29. Qc5 1-0

[Event "Warsaw YMCA Autumn-A 96th"]
[Site "Warsaw"]
[Date "2011.10.20"]
[Round "4"]
[White "Kaczorowski, Piotr"]
[Black "Liberadzki, Slawomir"]
[Result "1/2-1/2"]
[WhiteElo "2093"]
[BlackElo "2063"]
[PlyCount "35"]
[EventDate "2011.09.29"]
[EventType "tourn"]
[EventRounds "11"]
[EventCountry "POL"]
[SourceTitle "EXT 2014"]
[Source "ChessBase"]
[SourceDate "2013.11.20"]
[SourceVersion "1"]
[SourceVersionDate "2013.11.20"]
[SourceQuality "1"]

1. d4 d5 2. Nf3 Nf6 3. c4 e6 4. Bg5 Be7 5. e3 h6 6. Bh4 Nbd7 7. Nc3 b6 8. Bd3 Bb7 9. 0-0 0-0 10. Rc1 c5 11. Qe2 Ne4 12. Bxe7 Qxe7 13. Rfd1 Rfd8 14. cxd5 exd5 15. Ba6 Ndf6 16. Bxb7 Qxb7 17. Ne5 Nxc3 18. Rxc3 1/2-1/2

[Event "Warsaw YMCA Autumn-A 96th"]
[Site "Warsaw"]
[Date "2011.10.13"]
[Round "3"]
[White "Delega, Tomasz"]
[Black "Kaczorowski, Piotr"]
[Result "1-0"]
[WhiteElo "2182"]
[BlackElo "2093"]
[PlyCount "81"]
[EventDate "2011.09.29"]
[EventType "tourn"]
[EventRounds "11"]
[EventCountry "POL"]
[SourceTitle "EXT 2014"]
[Source "ChessBase"]
[SourceDate "2013.11.20"]
[SourceVersion "1"]
[SourceVersionDate "2013.11.20"]
[SourceQuality "1"]

1. Nf3 Nf6 2. d4 d5 3. e3 e6 4. Bd3 Be7 5. Nbd2 0-0 6. 0-0 c5 7. b3 Nc6 8. Bb2 b6 9. Ne5 Bb7 10. Ndf3 Ne4 11. Nxc6 Bxc6 12. Ne5 Be8 13. a4 f6 14. Nf3 Bh5 15. Be2 Rc8 16. c4 Qd7 17. a5 dxc4 18. bxc4 Rfd8 19. axb6 axb6 20. Qc2 Bxf3 21. Bxf3 Ng5 22. Be2 cxd4 23. exd4 Qc7 24. h4 Nf7 25. Bd3 f5 26. Qe2 Qd7 27. Ra6 e5 28. Rxb6 e4 29. Bb1 Qa4 30. Rb7 Bf6 31. Rxf7 Kxf7 32. Qh5+ Kg8 33. Qxf5 Qd7 34. Qxe4 g6 35. h5 Bxd4 36. Bxd4 Qxd4 37. Qe6+ Kh8 38. hxg6 h6 39. Bf5 Ra8 40. g4 Rd6 41. Qe7 1-0

[Event "Warsaw YMCA Autumn-A 96th"]
[Site "Warsaw"]
[Date "2011.10.06"]
[Round "2"]
[White "Kaczorowski, Piotr"]
[Black "Kielar, Maciej"]
[Result "0-1"]
[WhiteElo "2093"]
[BlackElo "2098"]
[PlyCount "118"]
[EventDate "2011.09.29"]
[EventType "tourn"]
[EventRounds "11"]
[EventCountry "POL"]
[SourceTitle "EXT 2014"]
[Source "ChessBase"]
[SourceDate "2013.11.20"]
[SourceVersion "1"]
[SourceVersionDate "2013.11.20"]
[SourceQuality "1"]

1. Nf3 g6 2. g3 Bg7 3. Bg2 c5 4. 0-0 Nc6 5. c4 e5 6. Nc3 f5 7. a3 a5 8. Rb1 Nf6 9. d3 h6 10. Nh4 Ne7 11. b4 axb4 12. axb4 cxb4 13. Rxb4 g5 14. Nf3 Nc6 15. Ra4 Ra6 16. Ba3 Kf7 17. Nb5 Kg6 18. Rxa6 bxa6 19. Nd6 Bf8 20. e4 f4 21. Bh3 Qc7 22. Bf5+ Kg7 23. c5 Bxd6 24. cxd6 Qa5 25. Bb2 fxg3 26. hxg3 Bb7 27. d4 exd4 28. Nxd4 Ne5 29. Nf3 Nxf3+ 30. Qxf3 Rf8 31. Ra1 Qb4 32. Bc3 Qc4 33. Rc1 Kg8 34. Bb2 Bxe4 35. Qe3 Qd5 36. Bxe4 Nxe4 37. f4 gxf4 38. gxf4 Qf5 39. Be5 Kh7 40. Rc2 Rb8 41. Rb2 Qg4+ 42. Kh2 Qh4+ 43. Kg1 Qg4+ 44. Kh2 Qh5+ 45. Kg1 Rg8+ 46. Rg2 Qd1+ 47. Kh2 Rxg2+ 48. Kxg2 Qd2+ 49. Kf3 Qxe3+ 50. Kxe3 Nc5 51. f5 Nb7 52. Kd4 Kg8 53. Kd5 Kf7 54. Bf4 h5 55. Bg5 Na5 56. Kc5 Nc6 57. Kb6 a5 58. Kb5 Nd4+ 59. Kxa5 Nxf5 0-1

[Event "Warsaw YMCA Spring-A 89th"]
[Site "Warsaw"]
[Date "2011.05.06"]
[Round "6"]
[White "Kaczorowski, Piotr"]
[Black "Zurkowski, Andrzej"]
[Result "1/2-1/2"]
[WhiteElo "2117"]
[BlackElo "2135"]
[PlyCount "120"]
[EventDate "2011.03.29"]
[EventType "tourn"]
[EventRounds "13"]
[EventCountry "POL"]
[SourceTitle "EXT 2019"]
[Source "ChessBase"]
[SourceDate "2018.10.10"]
[SourceVersion "1"]
[SourceVersionDate "2018.10.10"]
[SourceQuality "1"]

1. Nf3 g6 2. g3 Bg7 3. Bg2 e5 4. 0-0 d6 5. c4 Nf6 6. Nc3 0-0 7. d4 exd4 8. Nxd4 Nbd7 9. h3 Re8 10. Re1 Nc5 11. e4 a5 12. f3 c6 13. Be3 Ne6 14. f4 Nxd4 15. Bxd4 Be6 16. Qd3 Nh5 17. Bf2 Qd7 18. Kh2 f5 19. Rad1 Qf7 20. b3 g5 21. fxg5 Be5 22. Rf1 f4 23. Ne2 Rf8 24. gxf4 Bxf4+ 25. Nxf4 Nxf4 26. Qg3 Nxg2 27. Kxg2 Qg6 28. Rxd6 Qxe4+ 29. Kh2 Qe2 30. g6 h6 31. Qg2 Rf5 32. g7 a4 33. Re1 Qxf2 34. Rdxe6 Qxg2+ 35. Kxg2 axb3 36. axb3 Rg5+ 37. Kf3 Rxg7 38. R1e3 Kh7 39. Ke4 Rd8 40. Rf3 c5 41. Re5 Rd4+ 42. Ke3 Rgd7 43. Rxc5 Rd3+ 44. Kf2 Rxf3+ 45. Kxf3 Rd3+ 46. Kg4 Rxb3 47. h4 Rb1 48. Kh3 Rb6 49. Rc7+ Kg8 50. Kg4 Rb1 51. Kf5 Rc1 52. Kg6 Kf8 53. c5 Ke8 54. Kxh6 Kd8 55. Rxb7 Rxc5 56. Rf7 Ke8 57. Rf6 Ke7 58. Rf4 Rc1 59. h5 Rg1 60. Kh7 Ke8 1/2-1/2

[Event "Warsaw YMCA Spring-A 89th"]
[Site "Warsaw"]
[Date "2011.04.22"]
[Round "4"]
[White "Kaczorowski, Piotr"]
[Black "Sielicki, Tomasz"]
[Result "1-0"]
[WhiteElo "2117"]
[BlackElo "2026"]
[PlyCount "79"]
[EventDate "2011.03.29"]
[EventType "tourn"]
[EventRounds "13"]
[EventCountry "POL"]
[SourceTitle "EXT 2019"]
[Source "ChessBase"]
[SourceDate "2018.10.10"]
[SourceVersion "1"]
[SourceVersionDate "2018.10.10"]
[SourceQuality "1"]

1. d4 d6 2. Nf3 g6 3. g3 Bg7 4. Bg2 c5 5. 0-0 cxd4 6. Nxd4 Qb6 7. c3 Nc6 8. Nb3 Nf6 9. Na3 a5 10. Be3 Qa6 11. h3 0-0 12. Qd3 Bf5 13. Qxa6 Rxa6 14. Nd2 a4 15. g4 Be6 16. Ne4 Nd5 17. Bd2 h6 18. f4 f5 19. Ng3 Nf6 20. gxf5 gxf5 21. Nb5 Rb6 22. Nc7 Bd7 23. Rab1 Na5 24. Be3 Rc6 25. Nd5 Nxd5 26. Bxd5+ Kh7 27. Bxc6 Bxc6 28. Bd4 e5 29. fxe5 dxe5 30. Bc5 Rf7 31. Rxf5 Rxf5 32. Nxf5 Bf6 33. Rf1 Nc4 34. Nxh6 Bg5 35. Ng4 e4 36. Bd4 Nxb2 37. Rf7+ Kg6 38. Ne5+ Kh5 39. Rh7+ Bh6 40. Be3 1-0

[Event "Warsaw YMCA Spring-A 89th"]
[Site "Warsaw"]
[Date "2011.04.01"]
[Round "1"]
[White "Kaczorowski, Piotr"]
[Black "Jarmula, Pawel"]
[Result "0-1"]
[WhiteElo "2117"]
[BlackElo "2031"]
[PlyCount "94"]
[EventDate "2011.03.29"]
[EventType "tourn"]
[EventRounds "13"]
[EventCountry "POL"]
[SourceTitle "EXT 2019"]
[Source "ChessBase"]
[SourceDate "2018.10.10"]
[SourceVersion "1"]
[SourceVersionDate "2018.10.10"]
[SourceQuality "1"]

1. Nf3 d5 2. d4 Nf6 3. c4 c6 4. e3 e6 5. Bd3 dxc4 6. Bxc4 Bd6 7. 0-0 0-0 8. Nc3 b5 9. Bd3 Nbd7 10. e4 e5 11. Bg5 h6 12. Bxf6 Qxf6 13. d5 b4 14. Na4 cxd5 15. exd5 Bb7 16. Bb5 Rad8 17. Qd3 Nc5 18. Nxc5 Bxc5 19. Bc4 Qd6 20. Rad1 f5 21. Qe2 Rfe8 22. Qc2 g6 23. h4 Kg7 24. h5 e4 25. Nh4 Qf6 26. Nxg6 e3 27. Nf4 exf2+ 28. Kh1 Qh4+ 29. Nh3 Bc8 30. Bb5 Re3 31. Rd3 Rxd3 32. Qxd3 a6 33. Bxa6 Bxa6 34. Qxa6 Qg3 35. Qg6+ Qxg6 36. hxg6 Rxd5 37. Nxf2 Kxg6 38. Rd1 Rxd1+ 39. Nxd1 f4 40. Kh2 Kf5 41. Kh3 Ke4 42. Kg4 Be3 43. Nc3+ bxc3 44. bxc3 Bf2 45. a4 Bb6 46. c4 Bc7 47. c5 Kd5 0-1

[Event "Warsaw YMCA Winter-A 86th"]
[Site "Warsaw"]
[Date "2011.03.17"]
[Round "11"]
[White "Kaczorowski, Piotr"]
[Black "Alvarado, Carlos"]
[Result "1-0"]
[WhiteElo "2117"]
[BlackElo "2190"]
[PlyCount "75"]
[EventDate "2011.01.06"]
[EventType "tourn"]
[EventRounds "13"]
[EventCountry "POL"]
[SourceTitle "EXT 2019"]
[Source "ChessBase"]
[SourceDate "2018.10.10"]
[SourceVersion "1"]
[SourceVersionDate "2018.10.10"]
[SourceQuality "1"]

1. d4 d5 2. c4 e6 3. Nf3 Nf6 4. Bg5 Be7 5. e3 h6 6. Bh4 0-0 7. Nc3 Ne4 8. Bxe7 Qxe7 9. Bd3 Nxc3 10. bxc3 c5 11. 0-0 Nc6 12. Qe2 b6 13. e4 dxc4 14. Bxc4 Na5 15. Bd3 Bb7 16. Rac1 Rfd8 17. Rfd1 Rac8 18. Ba6 Rc7 19. Bxb7 Nxb7 20. Qe3 c4 21. e5 Qa3 22. Nd2 b5 23. Rb1 Rd5 24. Ne4 Rcd7 25. Rf1 a5 26. f4 b4 27. f5 exf5 28. Nf6+ Kf8 29. Nxd5 Rxd5 30. Qf3 Rd7 31. Qxf5 Rc7 32. d5 Nd8 33. d6 Ra7 34. Qh7 Ke8 35. Qg8+ Kd7 36. Rxf7+ Kc6 37. Qe8+ Kd5 38. Qb5+ 1-0

[Event "POL-chT3 Mazowiecki"]
[Site "Warsaw"]
[Date "2011.03.06"]
[Round "7.35"]
[White "Kaczorowski, Piotr"]
[Black "Rymarowicz, Pawel"]
[Result "1-0"]
[WhiteElo "2117"]
[BlackElo "1732"]
[PlyCount "55"]
[EventDate "2011.01.09"]
[EventType "team-tourn"]
[EventRounds "10"]
[EventCountry "POL"]
[SourceTitle "EXT 2015"]
[Source "ChessBase"]
[SourceDate "2014.11.20"]
[SourceVersion "1"]
[SourceVersionDate "2014.11.20"]
[SourceQuality "1"]
[WhiteTeam "Warszawa KU AZS UW w III"]
[BlackTeam "Otwock UKS MDK II"]
[WhiteTeamCountry "POL"]
[BlackTeamCountry "POL"]

1. Nf3 e6 2. g3 d5 3. Bg2 Nf6 4. 0-0 Bd6 5. c4 c6 6. d4 0-0 7. Nc3 Nbd7 8. Qc2 dxc4 9. e4 e5 10. Rd1 exd4 11. Nxd4 Qc7 12. Ndb5 cxb5 13. Nxb5 Qc5 14. Nxd6 Ne5 15. Be3 Qc7 16. h3 Be6 17. f4 Nc6 18. e5 Ne8 19. f5 Bd7 20. Bf4 Nxe5 21. Qc3 Nxd6 22. Qxe5 Qb6+ 23. Be3 Rfe8 24. Qxe8+ Nxe8 25. Bxb6 Bxf5 26. Bxb7 Rb8 27. Rd8 Rxb7 28. Rxe8# 1-0

[Event "Warsaw YMCA Winter-A 86th"]
[Site "Warsaw"]
[Date "2011.03.03"]
[Round "9"]
[White "Kaczorowski, Piotr"]
[Black "Zurkowski, Andrzej"]
[Result "0-1"]
[WhiteElo "2117"]
[BlackElo "2138"]
[PlyCount "52"]
[EventDate "2011.01.06"]
[EventType "tourn"]
[EventRounds "13"]
[EventCountry "POL"]
[SourceTitle "EXT 2019"]
[Source "ChessBase"]
[SourceDate "2018.10.10"]
[SourceVersion "1"]
[SourceVersionDate "2018.10.10"]
[SourceQuality "1"]

1. Nf3 g6 2. g3 Bg7 3. d4 d5 4. Bg2 Nf6 5. 0-0 0-0 6. c4 c6 7. Qb3 Qb6 8. c5 Qd8 9. Nc3 Nfd7 10. Bf4 b6 11. e4 bxc5 12. exd5 cxd4 13. dxc6 Nxc6 14. Nb5 Ba6 15. Bc7 Qc8 16. Rac1 Bxb5 17. Qxb5 Qxc7 18. Rxc6 Qd8 19. Rfc1 Rb8 20. Qa4 Rxb2 21. Qxa7 Nb6 22. a4 d3 23. a5 Nd5 24. a6 d2 25. Rd1 Nb4 26. Rc4 Qd3 0-1

[Event "POL-chT3 Mazowiecki"]
[Site "Warsaw"]
[Date "2011.01.09"]
[Round "1.29"]
[White "Sujkowski, Pawel"]
[Black "Kaczorowski, Piotr"]
[Result "1/2-1/2"]
[WhiteElo "1978"]
[BlackElo "2117"]
[PlyCount "70"]
[EventDate "2011.01.09"]
[EventType "team-tourn"]
[EventRounds "10"]
[EventCountry "POL"]
[SourceTitle "EXT 2015"]
[Source "ChessBase"]
[SourceDate "2014.11.20"]
[SourceVersion "1"]
[SourceVersionDate "2014.11.20"]
[SourceQuality "1"]
[WhiteTeam "Warszawa Entropia II"]
[BlackTeam "Warszawa KU AZS UW w III"]
[WhiteTeamCountry "POL"]
[BlackTeamCountry "POL"]

1. e4 c5 2. d4 cxd4 3. Nf3 g6 4. Nxd4 Bg7 5. Nc3 Nc6 6. Be3 Nf6 7. Bc4 Qa5 8. 0-0 0-0 9. Bb3 d6 10. h3 Bd7 11. Re1 Nxd4 12. Bxd4 Bc6 13. Nd5 Rae8 14. Bc3 Qd8 15. Nxf6+ Bxf6 16. Bxf6 exf6 17. Bd5 Qc7 18. c3 Re5 19. Qd4 Rfe8 20. Qd2 Bxd5 21. exd5 Qc4 22. b3 Rxe1+ 23. Rxe1 Rxe1+ 24. Qxe1 Qxd5 25. Qe3 a6 26. c4 Qe5 27. Qb6 Qe1+ 28. Kh2 Qe5+ 29. Kg1 Qe1+ 30. Kh2 Qe7 31. g3 Kg7 32. Kg2 Qe4+ 33. Kh2 Qf3 34. Kg1 Qc6 35. Qd4 a5 1/2-1/2

[Event "Mazowiec-chT 0910"]
[Site "Mazowsze"]
[Date "2009.12.13"]
[Round "2.21"]
[White "Kaczorowski, Piotr"]
[Black "Szukalski, Antoni"]
[Result "0-1"]
[WhiteElo "2128"]
[BlackElo "1930"]
[PlyCount "58"]
[EventDate "2009.11.29"]
[EventType "team-tourn"]
[EventRounds "11"]
[EventCountry "POL"]
[SourceTitle "EXT 2011"]
[Source "ChessBase"]
[SourceDate "2010.11.26"]
[SourceVersion "1"]
[SourceVersionDate "2010.11.26"]
[SourceQuality "1"]

1. d4 Nf6 2. c4 e6 3. a3 d5 4. Nc3 Be7 5. Nf3 Nbd7 6. Bg5 h6 7. Bf4 c6 8. e3 0-0 9. Bd3 dxc4 10. Bxc4 Nd5 11. Bg3 N7f6 12. 0-0 Bd6 13. Qe2 Nxc3 14. bxc3 Ne4 15. Qd3 Nxg3 16. hxg3 b6 17. Nh4 Be7 18. Qe4 Bxh4 19. gxh4 Qd6 20. g4 Kh8 21. g5 f5 22. gxf6 gxf6 23. Kh1 f5 24. Qf3 Bb7 25. Rg1 Qe7 26. Qh5 c5+ 27. Kh2 Rf6 28. Rg6 Rxg6 29. Qxg6 Qxh4+ 0-1